| 000 | 016000000a22002770004500 | ||
|---|---|---|---|
| 999 |
_c45815 _d45815 |
||
| 001 | 19450 | ||
| 003 | CO-MdFUSB | ||
| 005 | 20180522111626.0 | ||
| 008 | 180522t1911 enk||||g |||| 00| 0 eng d | ||
| 040 |
_aCO-MdFUSB _bspa _cCO-MdFUSB _dCO-MdFUSB _erda |
||
| 041 | _aeng | ||
| 082 |
_224 _aG 264.03 _bF881n |
||
| 245 | 0 | 2 |
_aA New history of the book of common prayer with a rationale of its offices _c/ Walter Howard Frere |
| 264 | 1 |
_aLondon : _bMacmillan, _c℗1911 |
|
| 300 |
_axxiv, 699 páginas _b: _c; |
||
| 336 |
_2rdacontent _atexto _btxt |
||
| 337 |
_2rdamedia _asin mediación _bn |
||
| 338 |
_2rdacarrier _avolumen _bnc |
||
| 501 | _aIncluye índice (p. 685-699) | ||
| 505 | 0 | _aLos libros de servicios antes de la Reforma -- Las primeras etapas de cambio -- El primer libro de la oración -- El segundo libro de la oración -- El libro de la oración isabelina -- El libro de la oración desde el ascenso de James I hasta la muerte de Charles I -- El libro de la oración en el reinado de Charles II - El libro de oración común desde la última revisión -- Material introductorio, título, prefacios y calendario -- Oración de la mañana y de la tarde -- La letanía y las oraciones y acciones de gracias ocasionales -- La administración de la cena del Señor o de la Sagrada Comunión -- Las colectas, epístolas, evangelios y lecciones apropiadas -- Los servicios bautismales con catequesis y confirmación -- Los servicios ocasionales -- El ordinal | |
| 563 | _aPasta dura | ||
| 650 | 7 |
_9206 _aLiturgia |
|
| 720 | _aFrancis Procter | ||
| 942 | _cBK | ||